[Event "Cordoba Region-ch 74th AAPC"]
[Site "Santa Cruz del Lago"]
[Date "2018.08.05"]
[Round "4.1"]
[White "Hutt, Alejandro Gabriel"]
[Black "Amadio, Mauro"]
[Result "1-0"]
[WhiteElo "2031"]
[BlackElo "1867"]
[PlyCount "119"]
[EventDate "2018.08.04"]
[EventType "swiss"]
[EventRounds "6"]
[EventCountry "ARG"]
[SourceTitle "EXT 2024"]
[Source "ChessBase"]
[SourceDate "2023.10.10"]
[SourceVersion "1"]
[SourceVersionDate "2023.10.10"]
[SourceQuality "1"]

1. Nf3 Nf6 2. c4 g6 3. d4 d6 4. Nc3 Bg7 5. Bf4 Nbd7 6. e3 b6 7. Be2 Bb7 8. h3 a6 9. Qc2 0-0 10. 0-0 Ra7 11. Rad1 Qa8 12. d5 e5 13. Bg5 h6 14. Bh4 Qe8 15. Nd2 Bc8 16. Rfe1 Nh7 17. e4 g5 18. Bg3 Ndf6 19. Nf1 h5 20. Ne3 Kh8 21. Rd3 Rg8 22. Qd1 h4 23. Bh2 Nf8 24. Ng4 Ng6 25. Nxf6 Bxf6 26. Bg4 Kg7 27. Nb1 Ra8 28. Nd2 Bxg4 29. Qxg4 Qc8 30. Qxc8 Rgxc8 31. Nf1 Nf8 32. Ne3 Nd7 33. Nf5+ Kg6 34. f3 Nc5 35. Rc3 a5 36. Kf1 a4 37. Bg1 Rcb8 38. Re2 Bd8 39. g3 hxg3 40. Rg2 Bf6 41. Rxg3 Kh5 42. Rg4 Rg8 43. Ng3+ Kh6 44. Be3 Kh7 45. Nf5 Rg6 46. Ke2 Rh8 47. Ra3 Rb8 48. Rg2 b5 49. Bxc5 dxc5 50. cxb5 Rxb5 51. Kd3 Rb4 52. Rc3 Bd8 53. Rxc5 Rgb6 54. Rcc2 f6 55. Rh2 Kg6 56. Rcg2 Kf7 57. h4 gxh4 58. Rg7+ Kf8 59. Rxh4 Rd4+ 60. Ke3 1-0

[Event "Cordoba Region-ch 74th AAPC"]
[Site "Santa Cruz del Lago"]
[Date "2018.08.04"]
[Round "1.3"]
[White "Moyano, Marco"]
[Black "Amadio, Mauro"]
[Result "1/2-1/2"]
[WhiteElo "1725"]
[BlackElo "1867"]
[PlyCount "114"]
[EventDate "2018.08.04"]
[EventType "swiss"]
[EventRounds "6"]
[EventCountry "ARG"]
[SourceTitle "EXT 2024"]
[Source "ChessBase"]
[SourceDate "2023.10.10"]
[SourceVersion "1"]
[SourceVersionDate "2023.10.10"]
[SourceQuality "1"]

1. e4 c5 2. Nf3 g6 3. Nc3 Bg7 4. g3 Nc6 5. d3 Nf6 6. Bg2 0-0 7. 0-0 d6 8. Be3 Bd7 9. Qd2 Ng4 10. h3 Nxe3 11. Qxe3 b5 12. Nd1 Rb8 13. c3 Qc8 14. Kh2 h6 15. Nd2 b4 16. f4 bxc3 17. bxc3 Qa6 18. Rf2 Nd4 19. Nf3 Nb5 20. d4 cxd4 21. cxd4 Qb6 22. Rd2 Rfc8 23. Rb1 Qa5 24. Rdb2 Rb6 25. g4 Qa4 26. e5 Na3 27. Rxb6 axb6 28. Rc1 Nc4 29. Qb3 Qxb3 30. axb3 Na5 31. Rxc8+ Bxc8 32. Nd2 dxe5 33. dxe5 Be6 34. b4 Nc4 35. Nxc4 Bxc4 36. Ne3 Be6 37. Nd5 Bxd5 38. Bxd5 e6 39. Bc6 f6 40. exf6 Bxf6 41. b5 Be7 42. Kg2 Kf7 43. Bd7 Bd6 44. Kf3 Ke7 45. Bc6 Kf6 46. Be4 Bb4 47. Bc6 g5 48. Be4 gxf4 49. Kxf4 Bd6+ 50. Kf3 Kg5 51. Bc6 Kh4 52. Kg2 Kg5 53. Kf3 Bc7 54. Be4 Kf6 55. h4 Ke5 56. h5 Bd8 57. Bc6 Bg5 1/2-1/2

[Event "ARG-ch sf U2300 Wilson Memorial 4th"]
[Site "La Falda"]
[Date "2017.06.24"]
[Round "1.3"]
[White "Amadio, Mauro"]
[Black "Cibin, Aurelio"]
[Result "1-0"]
[WhiteElo "1891"]
[BlackElo "1685"]
[PlyCount "59"]
[EventDate "2017.06.24"]
[EventType "swiss"]
[EventRounds "6"]
[EventCountry "ARG"]
[SourceTitle "EXT 2024"]
[Source "ChessBase"]
[SourceDate "2023.10.10"]
[SourceVersion "1"]
[SourceVersionDate "2023.10.10"]
[SourceQuality "1"]

1. e4 c5 2. Nf3 e6 3. d3 d6 4. g3 Nc6 5. Bg2 g6 6. 0-0 Bg7 7. c3 e5 8. Nbd2 b5 9. Re1 Nge7 10. Nf1 0-0 11. Be3 f5 12. Qd2 Rb8 13. Bh6 Bd7 14. Bxg7 Kxg7 15. Ne3 h6 16. exf5 gxf5 17. d4 e4 18. Nh4 Qc7 19. Qd1 Rf6 20. f3 cxd4 21. cxd4 d5 22. Rc1 Qb6 23. Rc5 Be6 24. Bf1 a6 25. Qd2 Na5 26. Rec1 Nc4 27. Qf2 Rc8 28. b3 Rxc5 29. dxc5 Qxc5 30. Nexf5+ 1-0

[Event "Villa Carlos Paz op"]
[Site "Villa Carlos Paz"]
[Date "2016.03.25"]
[Round "1.12"]
[White "Amadio, Mauro"]
[Black "Acosta, Lautaro Gaston"]
[Result "1-0"]
[WhiteElo "1976"]
[BlackElo "1704"]
[PlyCount "57"]
[EventDate "2016.03.25"]
[EventType "swiss"]
[EventRounds "6"]
[EventCountry "ARG"]
[SourceTitle "EXT 2024"]
[Source "ChessBase"]
[SourceDate "2023.10.10"]
[SourceVersion "1"]
[SourceVersionDate "2023.10.10"]
[SourceQuality "1"]

1. e4 c5 2. Nf3 d6 3. d4 cxd4 4. Nxd4 Nf6 5. Nc3 a6 6. f3 e6 7. Be3 Be7 8. Qd2 Qc7 9. 0-0-0 b6 10. g4 Bb7 11. Rg1 Nc6 12. g5 Nd7 13. f4 b5 14. Bxb5 axb5 15. Ndxb5 Qb8 16. Nxd6+ Bxd6 17. Qxd6 Qxd6 18. Rxd6 Rc8 19. Rgd1 Ncb8 20. a3 Rc6 21. Nb5 Ba6 22. Rxc6 Nxc6 23. Nc7+ Ke7 24. Nxa6 Ra8 25. Nc5 Nb6 26. Nxe6 Nc4 27. Nd4 Nb4 28. Nf5+ Ke6 29. Rd4 1-0

[Event "ARG-ch Amateur U2000"]
[Site "La Falda"]
[Date "2015.12.05"]
[Round "1.5"]
[White "Saravia, Flavio"]
[Black "Amadio, Mauro"]
[Result "1-0"]
[WhiteElo "1755"]
[BlackElo "1976"]
[PlyCount "114"]
[EventDate "2015.12.05"]
[EventType "swiss"]
[EventRounds "9"]
[EventCountry "ARG"]
[SourceTitle "EXT 2024"]
[Source "ChessBase"]
[SourceDate "2023.10.10"]
[SourceVersion "1"]
[SourceVersionDate "2023.10.10"]
[SourceQuality "1"]

1. e4 c5 2. Nc3 Nc6 3. Bb5 g6 4. Bxc6 dxc6 5. f4 Bg7 6. Nf3 Nf6 7. 0-0 0-0 8. d3 Ng4 9. e5 Nh6 10. h3 Nf5 11. Kh2 e6 12. Ne4 b6 13. c3 Ba6 14. g4 Qxd3 15. Qxd3 Bxd3 16. Re1 Bxe4 17. Rxe4 Ne7 18. c4 Rfd8 19. Bd2 Rd7 20. Bc3 Rad8 21. Rf1 Rb8 22. b3 Rd3 23. Be1 Rd1 24. Kg2 Ra1 25. Re2 b5 26. Bf2 Rxf1 27. Kxf1 bxc4 28. bxc4 Nc8 29. Bxc5 Bf8 30. Bxf8 Kxf8 31. Ng5 h6 32. Ne4 Rb1+ 33. Kg2 Rd1 34. Rd2 Rxd2+ 35. Nxd2 Nb6 36. Kf3 Ke7 37. Ke3 Na4 38. Ne4 c5 39. h4 Nb2 40. Nxc5 Nxc4+ 41. Kd3 Nb6 42. Kd4 f6 43. Ne4 f5 44. gxf5 gxf5 45. Nf2 Nd5 46. Nd3 h5 47. a4 a5 48. Kc4 Nc7 49. Kc5 Kd7 50. Kb6 Nd5+ 51. Kb5 Nc3+ 52. Kxa5 Kc6 53. Kb4 Nd5+ 54. Kc4 Kb6 55. a5+ Kxa5 56. Kc5 Ne7 57. Kd6 Ng6 1-0